Le podium du Ballon d'Or, depuis 1956 - Statistiques

Statistiques générales
  • Ce quiz a été pris 3 996 fois
    838 depuis la dernière actualisation
  • Le résultat moyen est 132 sur 224
Statistiques - réponses
Année Nationalité Club du joueur Nom % Correct
Portugal Manchester United Cristiano Ronaldo
96%
2008 Portugal Manchester United Cristiano Ronaldo
96%
Portugal Manchester United Cristiano Ronaldo
96%
Portugal Real Madrid Cristiano Ronaldo
96%
Portugal Real Madrid Cristiano Ronaldo
96%
2013 Portugal Real Madrid Cristiano Ronaldo
96%
2014 Portugal Real Madrid Cristiano Ronaldo
96%
Portugal Real Madrid Cristiano Ronaldo
96%
2016 Portugal Real Madrid Cristiano Ronaldo
96%
2017 Portugal Real Madrid Cristiano Ronaldo
96%
Portugal Real Madrid et Juventus Turin Cristiano Ronaldo
96%
Portugal Juventus Turin Cristiano Ronaldo
96%
Argentine FC Barcelone Lionel Messi
96%
Argentine FC Barcelone Lionel Messi
96%
2009 Argentine FC Barcelone Lionel Messi
96%
2010 Argentine FC Barcelone Lionel Messi
96%
2011 Argentine FC Barcelone Lionel Messi
96%
2012 Argentine FC Barcelone Lionel Messi
96%
Argentine FC Barcelone Lionel Messi
96%
Argentine FC Barcelone Lionel Messi
96%
2015 Argentine FC Barcelone Lionel Messi
96%
Argentine FC Barcelone Lionel Messi
96%
Argentine FC Barcelone Lionel Messi
96%
2019 Argentine FC Barcelone Lionel Messi
96%
2021 Argentine FC Barcelone et PSG Lionel Messi
96%
2023 Argentine PSG et Inter Miami Lionel Messi
96%
Brésil FC Barcelone Ronaldo
96%
1997 Brésil FC Barcelone et Inter Milan Ronaldo
96%
Brésil Inter Milan Ronaldo
96%
2002 Brésil Real Madrid Ronaldo
96%
2018 Croatie Real Madrid Luka Modric
89%
France Arsenal Thierry Henry
89%
France Arsenal Thierry Henry
89%
France Juventus Turin Zinedine Zidane
89%
1998 France Juventus Turin ZInedine ZIdane
89%
France Juventus Turin Zinedine Zidane
89%
France Atlético Madrid Antoine Griezmann
88%
France Atlético Madrid Antoine Griezmann
88%
2022 France Real Madrid Karim Benzema
88%
France PSG Kylian Mbappé
88%
Brésil FC Barcelone Neymar
88%
Brésil FC Barcelone et PSG Neymar
88%
2024 Espagne Manchester City Rodri
87%
Brésil FC Barcelone Ronaldinho
87%
2005 Brésil FC Barcelone Ronaldinho
87%
Norvège Manchester City Erling Haaland
86%
Brésil Real Madrid Vinicius Junior
86%
France Bayern Munich Franck Ribéry
85%
Espagne FC Barcelone Iniesta
85%
Espagne FC Barcelone Iniesta
85%
2007 Brésil AC Milan Kakà
85%
Espagne FC Barcelone Xavi
85%
Espagne FC Barcelone Xavi
85%
Espagne FC Barcelone Xavi
85%
Angleterre Real Madrid Jude Bellingham
83%
France AS Nancy Michel Platini
83%
France AS Saint-Etienne Michel Platini
83%
1983 France Juventus Turin Michel Platini
83%
1984 France Juventus Turin Michel Platini
83%
1985 France Juventus Turin Michel Platini
83%
Pologne Bayern Munich Robert Lewandowski
83%
Sénégal Liverpool et Bayern Munich Sadio Mané
82%
2006 Italie Real Madrid Fabio Cannavaro
81%
2000 Portugal FC Barcelone et Real Madrid Luis Figo
81%
Allemagne Bayern Munich Manuel Neuer
80%
2003 République Tchèque Juventus Turin Pavel Nedved
79%
Pays-Bas Liverpool Virgil Van Dijk
79%
Belgique Manchester City Kevin De Bruyne
78%
Italie Cagliari Luigi Riva
78%
Italie Cagliari Luigi Riva
78%
Italie AC Milan Paolo Maldini
78%
Italie AC Milan Paolo Maldini
78%
1991 France Olympique de Marseille Jean-Pierre Papin
77%
1971 Pays-Bas Ajax Amsterdam Johan Cruyff
77%
1973 Pays-Bas Ajax Amsterdam Johan Cruyff
77%
1974 Pays-Bas FC Barcelone Johan Cruyff
77%
Pays-Bas FC Barcelone Johan Cruyff
77%
France Real Madrid Raymond Kopa
77%
* France Real Madrid Raymond Kopa
77%
1958 France Real Madrid Raymond Kopa
77%
France Real Madrid Raymond Kopa
77%
1995 Liberia PSG et AC Milan George Weah
76%
1988 Pays-Bas AC Milan Marco Van Basten
76%
1989 Pays-Bas AC Milan Marco Van Basten
76%
1992 Pays-Bas AC Milan Marco Van Basten
76%
2001 Angleterre Liverpool Michael Owen
76%
1999 Brésil FC Barcelone Rivaldo
76%
Espagne Liverpool Fernando Torres
75%
Italie Juventus Gianluigi Buffon
75%
Ukraine AC Milan Andrei Shevchenko
74%
Ukraine AC Milan Andrei Shevchenko
74%
2004 Ukraine AC Milan Andrei Shevchenko
74%
Angleterre Chelsea Frank Lampard
74%
Angleterre Liverpool Steven Gerrard
74%
Espagne Real Madrid Alfredo Di Stefano
73%
1957 Espagne Real Madrid Alfredo Di Stefano
73%
1959 Espagne Real Madrid Alfredo Di Stefano
73%
RFA Bayern Munich Gerd Müller
73%
1970 RFA Bayern Munich Gerd Müller
73%
* RFA Bayern Munich Gerd Müller
73%
RFA Bayern Munich Gerd Müller
73%
Italie Chelsea Jorginho
71%
1987 Pays-Bas PSV Eindhoven et AC Milan Ruud Gullit
71%
Pays-Bas AC Milan Ruud Gullit
71%
Portugal Benfica Lisbonne Eusebio
70%
1965 Portugal Benfica Lisbonne Eusebio
70%
Portugal Benfica Lisbonne Eusebio
70%
RFA Bayern Munich Franz Beckenbauer
70%
1972 RFA Bayern Munich Franz Beckenbauer
70%
RFA Bayern Munich Franz Beckenbauer
70%
RFA Bayern Munich Franz Beckenbauer
70%
1976 RFA Bayern Munich Franz Beckenbauer
70%
Allemagne Bayern Munich Oliver Kahn
70%
Allemagne Bayern Munich Oliver Kahn
70%
Brésil Real Madrid Roberto Carlos
70%
Angleterre Manchester United David Beckham
66%
France Manchester United Eric Cantona
66%
Espagne Real Madrid Raul
66%
Portugal FC Barcelone Deco
65%
Bulgarie FC Barcelone Hristo Stoichkov
64%
1994 Bulgarie FC Barcelone Hristo Stoichkov
64%
1966 Angleterre Manchester United Bobby Charlton
63%
Angleterre Manchester United Bobby Charlton
63%
Angleterre Manchester United Bobby Charlton
63%
1960 Espagne FC Barcelone Luis Suarez
63%
Espagne Inter Milan Luis Suarez
63%
Espagne Inter Milan Luis Suarez
63%
Espagne Inter Milan Luis Suarez
63%
1993 Italie Juventus Roberto Baggio
63%
Italie Juventus Turin Roberto Baggio
63%
Hongrie Real Madrid Ferenc Puskas
61%
1968 Irlande du Nord Manchester United George Best
61%
Irlande du Nord Manchester United George Best
61%
1963 URSS Dynamo Moscou Lev Yachine
61%
1996 Allemagne Borussia Dortmund Matthias Sammer
59%
Croatie Real Madrid Davor Suker
57%
2021 (féminin) Espagne FC Barcelone Alexia Putellas
55%
2022 (féminin) Espagne FC Barcelone Alexia Putellas
55%
Angleterre Newcastle United Alan Shearer
53%
France Stade de Reims Just Fontaine
53%
1990 RFA Inter Milan Lothar Matthaüs
52%
* RFA Inter Milan Lothar Matthaüs
52%
RFA Bayern Munich Karl-Heinz Rummenigge
49%
1980 RFA Bayern Munich Karl-Heinz Rummenigge
49%
1981 RFA Bayern Munich Karl-Heinz Rummenigge
49%
1956 Angleterre Blackpool F.C. Stanley Matthews
49%
2023 (féminin) Espagne FC Barcelone Aitana Bonmati
46%
2024 (féminin) Espagne FC Barcelone Aitana Bonmati
46%
Pays-Bas AC Milan Frank Rijkaard
46%
Pays-Bas AC Milan Frank Rijkaard
46%
Finlande Ajax Amsterdam Jari Litmanen
46%
1982 Italie Juventus Turin Paolo Rossi
46%
France Girondins de Bordeaux Alain Giresse
44%
Pays-Bas Ajax Amsterdam Dennis Bergkamp
42%
Pays-Bas Inter Milan Dennis Bergkamp
42%
Angleterre Hambourg SV Kevin Keegan
41%
1978 Angleterre Hambourg SV Kevin Keegan
41%
1979 Angleterre Hambourg SV Kevin Keegan
41%
2019 (féminin) Etats-Unis Reign FC Megan Rapinoe
41%
Australie Chelsea Sam Kerr
39%
Australie Chelsea Sam Kerr
39%
Australie Chelsea Sam Kerr
39%
France Girondins de Bordeaux Jean Tigana
37%
2018 (féminin) Norvège Olympique Lyonnais Ada Hegerberg
34%
Etats-Unis Pride d'Orlando Alex Morgan
34%
Italie AC Milan Franco Baresi
34%
Ecosse Liverpool Kenny Dalglish
34%
1964 Ecosse Manchester United Denis Law
33%
Italie Milan AC Gianni Rivera
32%
1969 Italie Milan AC Gianni Rivera
32%
1986 URSS Dynamo Kiev Igor Belanov
32%
1977 Danemark Morussia Mönchengladbach Allan Simonsen
30%
Danemark Vejle BK Allan SImonsen
30%
Angleterre West Ham United Bobby Moore
30%
1967 Hongrie Ferencvaros TC Florian Albert
30%
Allemagne Bayern Munich Jürgen Klinsmann
29%
1975 URSS Dynamo Kiev Oleg Blokhine
29%
Espagne Real Madrid Emilio Butragueno
28%
Espagne Real Madrid Emilio Butragueno
28%
Angleterre FC Barcelone Gary Lineker
28%
Serbie-et-Monténégro Real Madrid Predrag Mijatovic
28%
Italie Juventus Turin Dino Zoff
25%
1962 Tchécoslovaquie Dukla Prague Josef Masopust
25%
1961 Italie Juventus Turin Omar Sivori
25%
Angleterre Olympique Lyonnais Lucy Bronze
20%
Portugal Atlético Madrid Paulo Futre
20%
Norvège FC Barcelone Caroline Graham Hansen
19%
Pologne Juventus Turin Zbigniew Boniek
19%
RFA FC Barcelone Bernd Schuster
16%
RFA FC Barcelone Bernd Schuster
16%
RFA FC Barcelone Bernd Schuster
16%
RFA Bayern Munich Paul Breitner
16%
RFA Inter Milan Andreas Brehme
14%
* Yougoslavie Etoile rouge de Belgrade Dejan Savicevic
14%
Allemagne Olympique Lyonnais Dzsenifer Marozsán
14%
Danemark Hellas Vérone Preben Elkjær Larsen
14%
Danemark Hellas Vérone Preben Elkjær Larsen
14%
Italie Juventus Turin Salvatore Schillaci
14%
Angleterre Wolverhampton Billy Wright
13%
* Yougoslavie Etoile rouge de Belgrade Darko Pancev
12%
Italie Inter Milan Giacinto Facchetti
12%
* Angleterre Manchester United Duncan Edwards
11%
RFA Rot-Weiss Essen Helmut Rahn
11%
Angleterre Arsenal Beth Mead
10%
Espagne FC Barcelone Jennifer Hermoso
9%
Espagne FC Barcelone Salma Paralluelo
9%
Espagne FC Barcelone Salma Paralluelo
9%
Angleterre Tottenham Jimmy Greaves
8%
RFA Hambourg SV Uwe Seeler
8%
Danemark Wolfsburg Pernille Harder
7%
Pays-Bas Ajax Amsterdam Ruud Krol
7%
Espagne Real Madrid Amancio
6%
Tchécoslovaquie Dukla Prague Ivo Viktor
6%
Pays de Galles Juventus Turin John Charles
6%
Pays-Bas RSC Anderlecht Rob Rensenbrink
6%
Pays-Bas RSC Anderlecht Rob Rensenbrink
6%
Autriche FC Barcelone Hans Krankl
5%
Italie Inter Milan Sandro Mazzola
5%
* RFA Borussia Mönchengladbach Günter Netzer
4%
Ecosse Celtic Glasgow Jimmy Johnstone
4%
Pologne Legia Varsovie Kazimierz Deyna
3%
RFA FC Cologne Karl-Heinz Schnellinger
2%
Yougoslavie Red Star Belgrade Dragan Dzagic
1%
Angleterre Fulham Johny Haynes
1%
Aucun quiz correspondant
Distribution des résultats
% des personnes avec chaque résultat
Percentile par nombre de réponses
Votre historique - résultats
Vous n’avez pas pris ce quiz depuis la dernière actualisation